00922cam a22002417a 4500003000500000005001700005008004100022010001000063011001000073020001500083035001000098040000900108082002400117110007900141245018000220260009900400300002200499650002800521650002500549650003800574650004000612650002800652CHAP20220817043851.0021030d2002 mx d rs 00110 spa d a86553 a87525 a9701339452 a98069 cCHAP04a336.72bI64 1988-002 aInstituto Nacional de Estadística, Geografía e Informática. México10aSistema de cuentas nacionales de México. Gobiernos Estatales :bcuentas corrientes y de acumulación 1993-2000 ; cuentas de producción por finalidad 1988-2000c/por INEGI aAguascalientes, Ags. :bInstituto Nacional de Estadística, Geografía e Informáticac2002 a577 p. :bcuadros14aDesarrollo económico.14aFinanzas públicas.14aIngresosxContabilidadzMéxico.14aMéxicoxCondiciones económicas.14aProducto interno bruto.